000 00284nam a22001337a 4500
008 171218b xxu||||| |||| 00| 0 eng d
020 _a9780683306163
041 _aeng
080 _a616
100 _a4
101 _aSHM
245 _aFAMILY MEDICINE
_cRUDY.D.R
942 _2udc
_cBK
999 _c39067
_d39067